000
00331nam a22001457a 4500
008
240129b ||||| |||| 00| 0 eng d
020
_a
77118378
041
_a
eng
080
_2
VOLUME 18
_a
521
082
_a
521PEC
100
_a
19
101
_a
ASTRO
245
_a
EXPERIMENTAL ASTRONOMY
_c
JEAN CLAUDE PECKER
942
_2
udc
_c
BK
999
_c
60563
_d
60563